Стилистика современного русского языка: Практикум

Bibliographische Detailangaben
1. Verfasser: Дроняева Т. С.
Weitere Verfasser: Клушина Н. И. (редактор), Бирюкова И. В.
Sprache:Russisch
Veröffentlicht: Москва, Флинта, 2002
Ausgabe:2-е изд.
Schlagworte:
Format: Buch
KOHA link:https://koha.lib.tpu.ru/cgi-bin/koha/opac-detail.pl?biblionumber=40557

MARC

LEADER 00000nam0a2200000 4500
001 40557
005 20231031013113.0
010 |a 5893493036 
010 |a 5-02-022529-0 
035 |a (RuTPU)RU\TPU\book\41615 
090 |a 40557 
100 |a 20020518d2002 m y0rusy50 ca 
101 0 |a rus 
102 |a RU 
105 |a y j 001zy 
200 1 |a Стилистика современного русского языка  |e Практикум  |f Т. С. Дроняева, Н. И. Клушина, И. В. Бирюкова  |g Под ред. Т. С. Дроняевой 
205 |a 2-е изд. 
210 |a Москва  |c Флинта  |c Наука  |d 2002 
215 |a 184 с. 
320 |a Библиогр.: с. 142-146 
451 1 |0 (RuTPU)RU\TPU\book\57059  |y 5-89349-303-6  |t Стилистика современного русского языка  |o Практикум  |f Т. С. Дроняева, Н. И. Клушина, И. В. Бирюкова  |g Под ред. Т. С. Дроняевой  |e 3-е изд., испр. и доп.  |c М.  |n Флинта  |n Наука  |d 2003  |p 184 с.  |a Дроняева, Т. С. 
451 1 |0 (RuTPU)RU\TPU\book\30542  |y 5-02-022529-0  |t Стилистика современного русского языка  |o Практикум  |f Т. С. Дроняева, Н. И. Клушина, И. В. Бирюкова  |c М.  |n Наука  |d 2001  |p 184 с.  |a Дроняева, Т. С 
451 |y 5-89349-303-6 
610 1 |a русский язык 
610 1 |a стилистика 
610 1 |a учебные пособия 
610 1 |a упражнения 
686 |a Ш141.2-923.7  |2 rubbk 
700 1 |a Дроняева  |b Т. С. 
701 1 |a Клушина  |b Н. И. 
701 1 |a Бирюкова  |b И. В. 
702 1 |a Дроняева  |b Т. С.  |4 340 
801 1 |a RU  |b 63413507  |c 20020518  |g PSBO 
801 2 |a RU  |b 63413507  |c 20070926  |g PSBO 
942 |c BK